Portuguese Vegetable Vocabulary - Statistics

General Stats
  • This quiz has been taken 180 times
  • The average score is 15 of 29
Answer Stats
Hint Answer % Correct
potato batata
90%
onion cebola
84%
garlic alho
79%
carrot cenoura
74%
lettuce alface
73%
spinach espinafre
71%
bean feijão
71%
cucumber pepino
70%
corn milho
67%
broccoli brócolis
61%
ginger gengibre
59%
lentil lentilha
59%
beet beterraba
53%
bell pepper pimentão
50%
pea ervilha
49%
turnip nabo
49%
greenbean feijão verde
47%
squash abóbora
46%
eggplant berinjela
46%
asparagus aspargo
40%
celery aipo
39%
cabbage repolho
39%
brussels sprout couve-de-bruxelas
36%
artichoke alcachofra
34%
zucchini abobrinha italiana
30%
pickle picles
30%
chickpea grão-de-bico
29%
radish rabanete
27%
leek alho-poró
17%
No matching quizzes found
Score Distribution
Percent of People with Each Score
Percentile by Number Answered
Your Score History
You have not taken this quiz